zpět

Detail výsledku týmu

Kozlovna Oskol, Kroměříž

Datum a čas kvízu

34 Celkem bodů Celkový počet nahraných bodů na tomto kvízu bez doplňovacích otázek.
6. Pořadí na kvízu Konečné umístění týmu na tomto kvízu.

Zaznamenané odpovědi

# Otázka Odpověď Body Výsledky
1. Který živočich si minulý týden... labuť 1
2. Kterou část lidského těla může... penis 1
3. Minulý týden potvrdili konec s... David Prachař; Linda Rybová 1
4. Za co hrozí hostům jednoho hot... A 1
5. V úterý jsme se dozvěděli nomi... A 0
6. Frank Lloyd Wright bývá označo... Guggenheimovo muzeum 0
7. Seřaďte uvedené události od té... 1D 2B 3C 4A 1
8. Jak se jmenuje tato americká h... Beastie Boys; No Sleep till Brooklyn 1
9. Turisté v NYC míří nejen do di... 1B 2A 3C 4D 1
10. Jak se jmenuje fiktivní město,... Gotham (City); Bronx 0.5